Fahrtverlauf RB20 Eisenach-Leipzig - Statistiken

Allgemein
  • Dieses Quiz wurde 48 mal gespielt
    11 seit der letzten Aktualisierung
  • Das Durchschnittsergebnis liegt bei 21 aus 34
Antwortstatistiken
Antwort % Korrekt
Erfurt-Bischleben
100%
Erfurt Hbf
100%
Eisenach
90%
Gotha
90%
Leipzig Hbf
90%
Leipzig-Leutzsch
90%
Leipzig-Miltitz
90%
Leipzig-Möckern
90%
Leipzig-Rückmarsdorf
90%
Naumburg(Saale) Hbf
90%
Weimar
90%
Apolda
70%
Weißenfels
70%
Bad Kösen
60%
Großkorbetha
60%
Neudietendorf
60%
Bad Dürrenberg
50%
Bad Sulza
50%
Großlehna
50%
Leißling
50%
Markranstädt
50%
Sättelstädt
50%
Wutha
50%
Fröttstädt
40%
Großheringen
40%
Hopfgarten (Weimar)
40%
Kötzschau
40%
Mechterstädt
40%
Oßmannstedt
40%
Schönau (Hörsel)
40%
Seebergen
40%
Vieselbach
40%
Wandersleben
40%
Niedertreba
0%
Keine übereinstimmenden Quizze gefunden
Verteilung der Resultate
Anzahl Personen mit jedem Resultat
Perzentil nach korrekt beantworteten Fragen
Ihre Resultats-Entwicklung
Sie haben dieses Quiz seit der letzten Aktualisierung nicht gespielt